000 00341nam a2200133Ia 4500
008 240624s9999 xx 000 0 und d
041 _aeng
082 _a823 SOL
100 _aSOLZHENITSYN ALEKSANDR
245 _aGULAG ARCHIPELAGO
260 _c2007
_aNew York
_bHarper Perennial Modern Classics
300 _a472 p.; 20 cm.
365 _cRS
999 _c29217
_d29217